| 000 | 00788nam a22002057a 4500 | ||
|---|---|---|---|
| 999 |
_c5637 _d5637 |
||
| 003 | AR-CdUCM | ||
| 008 | 190313b ||||| |||| 00| 0 spa d | ||
| 040 |
_aMUNICIPALIDAD PROVINCIAL DEL CUSCO _cBIBLIOTECA MUNICIPAL DEL CUSCO |
||
| 082 |
_a920 / _bU92 |
||
| 100 |
_aUslar Pietri, Arturo _916841 |
||
| 245 | _aValores Humanos / | ||
| 260 |
_aMadrid : _bMediterraneo , _c1964. |
||
| 300 |
_a4 tomos ; _c19.2 cm. |
||
| 505 | _aContenido: t.2. Biografias y evocaciones -- t.3: Shakespeare -- Walter Raleigh -- Don Juan -- Rubens -- Richelieu -- Quevedo -- t.4. El general José Francisco Bermúdez -- El general Rafael Urdaneta... | ||
| 650 |
_aLiteratura Hispanoamericana _9786 |
||
| 650 |
_aLiteratura Española _9612 |
||
| 650 |
_aLiteratura _983 |
||
| 942 |
_2ddc _cLIBROS |
||
| 945 | _artm | ||